000 00994nam a2200277 i 4500
001 bg
100 1 _aKINGMAN, J. F. C.
245 1 0 _aProcesy Poissona /
_cJ.F.C. Kingman ; przekł z jęz. ang. Adam Bobrowski.
246 _iTyt. oryg.:
_aPoisson Processes
260 _aWarszawa :
_bWydawnictwo Naukowe PWN,
_c2002.
300 _a118 s. ;
_c24 cm.
500 _aTyt. oryg.: "Poisson Processes" 1993.
504 _aBibliogr. - Indeks.
521 _aDla studentów i wykładowców kierunku matematyka stosowana na uniwersytetach i politechnikach.
650 9 _aRachunek prawdopodobieństwa
_xteoria
650 9 _aProcesy Poissona
655 _aPodręczniki akademickie
020 _a8301135344
040 _cBPK
041 0 _apol
080 _a519.21(075.8)
920 _a83-01-13534-4
942 _cKS
008 s pl f |000 0 pol
999 _c52656
_d52656
856 _uhttp://koha.tu.koszalin.pl/cgi-bin/koha/opac-detail.pl?biblionumber=52656
_yKatalog online BPK